[Event "It (open) (a)"]
[Site "Dortmund (Germany)"]
[Round "6"]
[White "Ciornei Dragos (GER)"]
[Black "Hank Holger (GER)"]
[Result "0-1"]
[WhiteElo "2118"]
[BlackElo "2063"]

1.e4 e6 2.d4 d5 3.Nd2 Nf6 4.e5 Nfd7 5.Bd3 c5 6.c3 Nc6 7.Ne2 cxd4 8.cxd4 f6
9.exf6 Nxf6 10.O-O Bd6 11.Nf3 O-O 12.Bg5 e5 13.dxe5 Nxe5 14.Nxe5 Bxe5 15.Qd2
Bd7 16.Bf4 Ng4 17.Bxe5 Nxe5 18.Nd4 Qh4 19.Be2 Kh8 20.Nf3 Nxf3+ 21.Bxf3 Rxf3
22.gxf3 Bh3 23.Rfe1 Qf6 {#R} 0-1

[Event "Ch France (juniors) (under 16) (g)"]
[Site "France"]
[Round "4"]
[White "Bujisho Sophie (FRA)"]
[Black "Assad Karine (FRA)"]
[Result "0-1"]
[WhiteElo "1939"]
[BlackElo "2012"]

1.e4 e6 2.d4 d5 3.Nd2 Nf6 4.e5 Nfd7 5.Bd3 c5 6.c3 Nc6 7.Ne2 cxd4 8.cxd4 f6
9.exf6 Nxf6 10.O-O Bd6 11.Nf3 O-O 12.Bg5 Bd7 13.Nc3 a6 14.Re1 b5 15.Ne5 Qc7
16.Rc1 Rac8 17.Bxf6 Rxf6 18.Qh5 g6 19.Qg5 Be7 20.Bxg6 Rxg6 21.Qxe7 Nxe7 {#R}
0-1

[Event "It (open) \"]
[Site "Gausdal (Norway)"]
[Round "3"]
[White "Valgardsson Gudjon Heidar (ISL)"]
[Black "Borchgrevink Harald (NOR)"]
[Result "0-1"]
[WhiteElo "2033"]
[BlackElo "2287"]

1.e4 e6 2.d4 d5 3.Nd2 Nf6 4.e5 Nfd7 5.Bd3 c5 6.c3 Nc6 7.Ndf3 Qb6 8.Ne2 cxd4
9.cxd4 f6 10.exf6 Nxf6 11.O-O Bd6 12.b3 O-O 13.Re1 Bd7 14.Bb2 Rac8 15.Ne5 Bxe5
16.dxe5 Ng4 17.Nd4 Nxf2 18.Qd2 Nxd3 19.Qxd3 Rf4 20.Rad1 Rcf8 21.Re2 Nb4 22.Qd2
Bb5 23.Ree1 Nd3 24.Re3 Nxb2 {#R} 0-1

[Event "Bayern Regionalliga Northwest"]
[Site "Germany"]
[Round "5"]
[White "Rabe Thomas (GER)"]
[Black "Poppe Heiko (GER)"]
[Result "0-1"]
[WhiteElo "2121"]
[BlackElo "2210"]

1.e4 e6 2.d4 d5 3.Nd2 Nf6 4.e5 Nfd7 5.c3 c5 6.Bd3 Nc6 7.Ne2 Qb6 8.Nf3 cxd4
9.cxd4 f6 10.exf6 Nxf6 11.O-O Bd6 12.Nc3 a6 13.Re1 O-O 14.Be3 Qc7 15.Bg5 Ng4
16.h3 Bh2+ 17.Kf1 Nxf2 18.Kxf2 Qg3+ 19.Ke3 Qxg2 20.Be2 h6 21.Bf1 Bg1+ 22.Nxg1
Qf2+ 23.Kd3 Nb4# 0-1

[Event "Ch Ruhrgebiet"]
[Site "Germany"]
[Round "2"]
[White "Kedziora Claus (GER)"]
[Black "Wuenderlich Robin (GER)"]
[Result "1-0"]
[WhiteElo "2266"]
[BlackElo "2220"]

1.e4 e6 2.d4 d5 3.Nd2 Nf6 4.e5 Nfd7 5.Bd3 c5 6.c3 Nc6 7.Ne2 Qb6 8.Nf3 cxd4
9.cxd4 f6 10.exf6 Nxf6 11.O-O Bd6 12.Be3 O-O 13.Nc3 Bd7 14.Re1 Rac8 15.Rc1 Rc7
16.Ne5 Be8 17.Ng4 Qxb2 18.Nb5 {#r} 1-0

[Event "Verbandsliga North 1998/99"]
[Site "Germany"]
[Round "5"]
[White "Eyer Rudolf (GER)"]
[Black "Schmitt Thomas (GER)"]
[Result "0-1"]
[WhiteElo "2005"]
[BlackElo "2214"]

1.e4 e6 2.d4 d5 3.Nd2 Nf6 4.e5 Nfd7 5.Bd3 c5 6.c3 Nc6 7.Ne2 cxd4 8.cxd4 f6
9.exf6 Nxf6 10.O-O Bd6 11.Nf3 O-O 12.Nc3 Bd7 13.Re1 Qb6 14.Bg5 Rae8 15.a3 Kh8
16.Na4 Qc7 17.Rc1 Ng4 18.h3 Bh2+ 19.Kf1 Nxf2 20.Kxf2 Qg3+ 21.Kf1 Nxd4 22.Be2
Nxf3 {#R} 0-1

[Event "It (open)"]
[Site "Gladbeck (Germany)"]
[Round "3"]
[White "Kedziora Claus (GER)"]
[Black "Heckoetter Christian (GER)"]
[Result "1-0"]
[WhiteElo "2266"]
[BlackElo "2015"]

1.e4 e6 2.d4 d5 3.Nd2 Nf6 4.e5 Nfd7 5.Bd3 c5 6.c3 Nc6 7.Ne2 Qb6 8.Nf3 cxd4
9.cxd4 f6 10.exf6 Nxf6 11.O-O Bd6 12.Nc3 O-O 13.Be3 a6 14.a3 Qc7 15.Rc1 Qb8
16.Na4 b5 17.Rxc6 bxa4 18.Re1 Bd7 19.Rc2 Kh8 20.Ne5 Bxe5 21.dxe5 Qxe5 22.Bc5
{#r} 1-0

[Event "Ch Germany (juniors) (under 20)"]
[Site "Hamburg (Germany)"]
[Round "6"]
[White "Lange Soenje (GER)"]
[Black "Gaede Derek (GER)"]
[Result "0-1"]
[WhiteElo "2035"]
[BlackElo "2223"]

1.e4 e6 2.d4 d5 3.Nd2 Nf6 4.e5 Nfd7 5.Bd3 c5 6.c3 Nc6 7.Ne2 cxd4 8.cxd4 f6
9.exf6 Nxf6 10.O-O Bd6 11.Nf3 Qc7 12.g3 O-O 13.Bf4 Ne4 14.Bxd6 Qxd6 15.Nh4 e5
16.dxe5 Qxe5 17.f4 Qxb2 18.Bxe4 dxe4 19.Qd5+ Kh8 20.Qxe4 Bg4 21.Rfe1 Rae8
22.Rab1 Qd2 {#R} 0-1

[Event "Ch Hessen (open)"]
[Site "Hessen (Germany)"]
[Round "7"]
[White "Maahs Erich (GER)"]
[Black "Rechel Ralf (GER)"]
[Result "0-1"]
[WhiteElo "2227"]
[BlackElo "2127"]

1.e4 e6 2.d4 d5 3.Nd2 Nf6 4.e5 Nfd7 5.c3 c5 6.Bd3 Nc6 7.Ne2 cxd4 8.cxd4 Qb6
9.O-O f6 10.Nf4 Nxd4 11.Qh5+ Kd8 12.Ng6 Nxe5 13.Nxh8 Nxd3 14.Qxh7 Ne2+ 15.Kh1
Nxf2+ 16.Rxf2 Qxf2 17.Nf7+ Ke7 {#R} 0-1

[Event "Ch Hungary (team) 1998/99 (2 liga)"]
[Site "Hungary"]
[Round "0"]
[White "Pusztay Bela (HUN)"]
[Black "Bagoly Janos (HUN)"]
[Result "1-0"]
[WhiteElo "2161"]
[BlackElo "2151"]

1.e4 e6 2.d4 d5 3.Nd2 Nf6 4.e5 Nfd7 5.Bd3 c5 6.c3 Nc6 7.Ne2 cxd4 8.cxd4 Nb6
9.O-O Bd7 10.Nf3 h6 11.b3 a5 12.a3 a4 13.b4 Nc4 14.Nd2 b5 15.Nxc4 dxc4 16.Be4
Qc7 17.Nc3 Ne7 18.Bxa8 {#r} 1-0

[Event "Ch Hungary (team) 1999/00 (2 liga)"]
[Site "Hungary"]
[Round "4"]
[White "Dudas Peter (HUN)"]
[Black "Dobcsanyi David (HUN)"]
[Result "1-0"]
[WhiteElo "2176"]
[BlackElo "2121"]

1.e4 e6 2.d4 d5 3.Nd2 Nf6 4.e5 Nfd7 5.c3 c5 6.Bd3 Nc6 7.Ne2 cxd4 8.cxd4 f6
9.exf6 Nxf6 10.O-O Bd6 11.Nf3 O-O 12.Bf4 Qc7 13.Bg3 Bd7 14.Rc1 Rac8 15.Ne5 Nh5
16.Nc3 Nxg3 17.Nb5 Qd8 18.Nxd6 Nxf1 19.Bxh7+ Kxh7 20.Qh5+ Kg8 21.Ng6 {#r} 1-0

[Event "It (open)"]
[Site "Kavala (Greece)"]
[Round "0"]
[White "Mihailidis Anastacios (GRE)"]
[Black "Tsiamis Konstantinos (GRE)"]
[Result "0-1"]
[WhiteElo "2090"]
[BlackElo "2150"]

1.e4 e6 2.d4 d5 3.Nd2 Nf6 4.e5 Nfd7 5.Bd3 c5 6.c3 Nc6 7.Ne2 cxd4 8.cxd4 f6
9.exf6 Qxf6 10.O-O Bd6 11.Nf3 h6 12.Ng3 O-O 13.Bc2 Rd8 14.Nh5 Qf7 15.Nh4 Nf8
16.Qg4 Nxd4 17.Bxh6 e5 18.Qg5 Nfe6 19.Bg6 Nxg5 20.Bxf7+ Nxf7 21.Bxg7 Bg4
22.Nf6+ Kxg7 23.Nxg4 Rac8 24.Kh1 Be7 {#R} 0-1

[Event "Ch Spain (juniors) (under 18)"]
[Site "Oropesa (Spain)"]
[Round "7"]
[White "Garcia Roman Daniel (ESP)"]
[Black "Hinojar Basa Alfonso (ESP)"]
[Result "1-0"]
[WhiteElo "2246"]
[BlackElo "2194"]

1.e4 e6 2.d4 d5 3.Nd2 Nf6 4.e5 Nfd7 5.c3 c5 6.Bd3 Nc6 7.Ne2 Qb6 8.Nf3 cxd4
9.cxd4 f6 10.exf6 Nxf6 11.O-O Bd6 12.Nc3 O-O 13.Be3 Bd7 14.Re1 Rae8 15.Ne5
Bxe5 16.dxe5 Qxb2 17.Bd2 Ne4 18.Nxe4 dxe4 19.Bxe4 Nxe5 20.Be3 Bc6 21.Bd4 Qb4
22.Bxe5 Bxe4 23.Qg4 {#r} 1-0

[Event "It (open)"]
[Site "Recklinghausen (Germany)"]
[Round "8"]
[White "Ciornei Dragos (GER)"]
[Black "Gold Guido"]
[Result "1-0"]
[WhiteElo "2118"]
[BlackElo "1765"]

1.e4 e6 2.d4 d5 3.Nd2 Nf6 4.e5 Nfd7 5.Bd3 c5 6.c3 Nc6 7.Ne2 Qb6 8.Nf3 cxd4
9.cxd4 f6 10.exf6 Nxf6 11.O-O Bd6 12.Bf4 Bxf4 13.Nxf4 Nb4 14.Re1 Nxd3 15.Qxd3
O-O 16.Ng5 Qxb2 17.Reb1 {#r} 1-0

[Event "It (open)"]
[Site "Sheffield (England)"]
[Round "2"]
[White "Allison Mark (ENG)"]
[Black "Lane Peter Christopher (ENG)"]
[Result "1-0"]
[WhiteElo "2108"]
[BlackElo "2054"]

1.e4 e6 2.d4 d5 3.Nd2 Nf6 4.e5 Nfd7 5.Bd3 c5 6.c3 Nc6 7.Ne2 f6 8.exf6 Nxf6
9.Nf3 Qb6 10.O-O cxd4 11.cxd4 Bd6 12.Nc3 O-O 13.Bg5 Bd7 14.Re1 Ng4 15.h3 Nxf2
16.Kxf2 Nxd4 17.Be3 Qxb2+ 18.Ne2 Nxf3 19.gxf3 Qe5 20.Rg1 Qh5 21.Ng3 Qxh3
22.Rg2 Qg4 23.Nf5 {#r} 1-0

[Event "It (open)"]
[Site "Sheffield (England)"]
[Round "5"]
[White "Mogasha Chilipi (BOT)"]
[Black "Cumbers Paul (ENG)"]
[Result "0-1"]
[WhiteElo "2200"]
[BlackElo "2157"]

1.e4 e6 2.d4 d5 3.Nd2 Nf6 4.e5 Nfd7 5.Bd3 c5 6.c3 Nc6 7.Ne2 cxd4 8.cxd4 f6
9.exf6 Qxf6 10.Nf3 h6 11.O-O Bd6 12.Ng3 O-O 13.Nh5 Qf7 14.Nh4 Ne7 15.Bc2 e5
16.dxe5 Nxe5 17.Ng3 Qf6 18.Nhf5 Nxf5 19.Nxf5 Bxf5 20.Bxf5 Qxf5 21.Qxd5+ Kh8
22.Qxd6 Rad8 23.Qb4 Qxf2+ 24.Rxf2 Rd1+ {#R} 0-1

[Event "It"]
[Site "Terrasa (Spain)"]
[Round "1"]
[White "Alonso Moyano Jonathan (ESP)"]
[Black "Hernando Rodrigo Julio A (ESP)"]
[Result "0-1"]
[WhiteElo "2208"]
[BlackElo "2266"]

1.e4 e6 2.d4 d5 3.Nd2 Nf6 4.e5 Nfd7 5.Bd3 c5 6.c3 Nc6 7.Ne2 cxd4 8.cxd4 f6
9.Nf4 Nxd4 10.Qh5+ Ke7 11.exf6+ Nxf6 12.Ng6+ hxg6 13.Qxh8 Kf7 14.Qh4 e5 15.Nf3
Nxf3+ 16.gxf3 Qb6 17.Qg5 Bb4+ 18.Bd2 Bf5 19.Bxf5 gxf5 20.O-O-O Ba3 21.bxa3
Rc8+ 22.Bc3 Rxc3+ 23.Kd2 Rxf3 {#R} 0-1

[Event "It (open) (active)"]
[Site "Timishoara (Romania)"]
[Round "0"]
[White "Ciornei Dragos (GER)"]
[Black "Tincu Radu (ROM)"]
[Result "1-0"]
[WhiteElo "2118"]
[BlackElo "2221"]

1.e4 e6 2.d4 d5 3.Nd2 Nf6 4.e5 Nfd7 5.Bd3 c5 6.c3 Nc6 7.Ne2 Qb6 8.Nf3 cxd4
9.cxd4 Qb4+ 10.Kf1 Qb6 11.h4 f6 12.Nf4 Nb4 13.Bb1 Be7 14.a3 Na6 15.Rh3 f5
16.Ng5 Nf8 17.Rb3 Qd8 18.Qh5+ g6 19.Qh6 Bxg5 20.hxg5 Qe7 21.Nd3 {#r} 1-0

[Event "Ch Austria"]
[Site "Vienna (Austria)"]
[Round "15"]
[White "Sommerbauer Norbert (AUT)"]
[Black "Weiss Christian (AUT)"]
[Result "1-0"]
[WhiteElo "2401"]
[BlackElo "2444"]

1.e4 e6 2.d4 d5 3.Nd2 Nf6 4.e5 Nfd7 5.c3 c5 6.Bd3 Nc6 7.Ne2 cxd4 8.cxd4 Be7
9.O-O Qb6 10.Nf3 f6 11.Nf4 fxe5 12.Nxe6 e4 13.Bf4 exf3 14.Nc7+ Kf7 15.Nxa8
Qxd4 16.Qxf3 Nf6 17.Nc7 g5 18.Bxg5 Ne5 19.Qe3 {#r} 1-0

[Event "It (open)"]
[Site "Zalakaros (Hungary)"]
[Round "3"]
[White "Plecsko Zoltan (HUN)"]
[Black "Macsik Tamas (HUN)"]
[Result "1-0"]
[WhiteElo "2197"]
[BlackElo "2184"]

1.e4 e6 2.d4 d5 3.Nd2 Nf6 4.e5 Nfd7 5.Bd3 c5 6.c3 Nc6 7.Ne2 cxd4 8.cxd4 Qb6
9.Nf3 f6 10.exf6 Nxf6 11.O-O Bd6 12.Nc3 Bd7 13.a3 Nxd4 14.Nxd4 Qxd4 15.Re1
Bxh2+ 16.Kxh2 Ng4+ 17.Kg3 Qxf2+ 18.Kh3 g5 19.Bxg5 Rg8 20.Qxg4 {#r} 1-0

[Event "Ch Hungary (juniors) (under 20)"]
[Site "Paks (Hungary)"]
[Date "1999.04.03"]
[Round "8"]
[White "Kovacs Zsolt (HUN)"]
[Black "Csizmadia Laszlo (HUN)"]
[Result "0-1"]
[WhiteElo "2210"]
[BlackElo "2264"]

1.e4 e6 2.d4 d5 3.Nd2 Nf6 4.e5 Nfd7 5.Bd3 c5 6.c3 Nc6 7.Ne2 cxd4 8.cxd4 f6
9.exf6 Nxf6 10.Nf3 Bd6 11.O-O O-O 12.Nc3 Qe8 13.Be2 Bd7 14.Bg5 Ne4 15.Bh4 Qh5
16.g3 Qf5 17.Nxe4 dxe4 18.Ne1 g5 19.g4 Qd5 20.Bg3 Bxg3 21.hxg3 Nxd4 22.Nc2
Nxe2+ 23.Qxe2 Bb5 {#R} 0-1

[Event "It (open) \"]
[Site "Eforie Nord (Romania)"]
[Round "0"]
[White "Deseatnicov Ivan (MDA)"]
[Black "Ciobanu Aurelian (ROM)"]
[Result "0-1"]
[WhiteElo "2288"]
[BlackElo "2258"]

1.e4 e6 2.d4 d5 3.Nd2 Nf6 4.e5 Nfd7 5.Bd3 c5 6.c3 Nc6 7.Ne2 cxd4 8.cxd4 Nb6
9.O-O Bd7 10.f4 g6 11.Nf3 h5 12.b3 Nb4 13.Bb1 Bb5 14.a4 Ba6 15.Ne1 Nd7 16.Nc2
Qb6 17.a5 Qb5 18.Re1 Nd3 19.Na3 Qxa5 20.Bxd3 {#R} 0-1

[Event "It (open) \"]
[Site "Eforie Nord (Romania)"]
[Round "0"]
[White "Zatonskih Anna (USA)"]
[Black "Popescu Daniel Dorin (ROM)"]
[Result "1-0"]
[WhiteElo "2414"]
[BlackElo "2355"]

1.e4 e6 2.d4 d5 3.Nd2 Nf6 4.e5 Nfd7 5.Bd3 c5 6.c3 Nc6 7.Ne2 cxd4 8.cxd4 f6
9.exf6 Nxf6 10.f4 Qb6 11.Nf3 Bd6 12.O-O O-O 13.Kh1 Bd7 14.Ne5 Be8 15.h3 Nb4
16.Bb1 Bb5 17.Be3 Nh5 18.Rf3 Bxe5 19.dxe5 d4 20.Nxd4 Rad8 21.Qg1 Nd5 22.Bd2
Qa6 23.Ra3 Qb6 24.Rb3 Rxf4 {#r} 1-0

[Event "Cup Zaragoza"]
[Site "Aragon (Spain)"]
[Date "1999.12.04"]
[Round "7"]
[White "Fuertes Garay Javier (ESP)"]
[Black "Fabre Perez Jose Maria (ESP)"]
[Result "1-0"]
[WhiteElo "2097"]
[BlackElo "2168"]

1.e4 e6 2.d4 d5 3.Nd2 Nf6 4.e5 Nfd7 5.Bd3 c5 6.c3 Nc6 7.Ne2 cxd4 8.cxd4 f6
9.exf6 Nxf6 10.O-O Bd6 11.Nf3 O-O 12.Bf4 Bxf4 13.Nxf4 Ne4 14.g3 Qf6 15.h4 h6
16.Ne5 Ne7 17.Rc1 Nf5 18.Qg4 Nxd4 19.Nfg6 Nd2 20.Qxd4 Nxf1 21.Nxf8 Nd2 22.Nfg6
Bd7 23.Rd1 {#r} 1-0

[Event "Ch Algeria"]
[Site "Algeria"]
[Round "4"]
[White "Bengherabi Khalil (ALG)"]
[Black "Benabadji Abderrahmane (ALG)"]
[Result "0-1"]
[WhiteElo "2134"]
[BlackElo "2023"]

1.e4 e6 2.d4 d5 3.Nd2 Nf6 4.e5 Nfd7 5.Bd3 c5 6.c3 Nc6 7.Ne2 cxd4 8.cxd4 Qb6
9.Nf3 f6 10.exf6 Nxf6 11.O-O Bd6 12.Re1 O-O 13.Nf4 Re8 14.b3 e5 15.dxe5 Nxe5
16.Nxe5 Bxe5 17.Nxd5 Nxd5 18.Bxh7+ Kh8 19.Qxd5 Qf6 20.Bd3 Bxh2+ 21.Kxh2 Qh4+
22.Kg1 Rxe1+ 23.Bf1 Bg4 24.Qxb7 Rxf1+ {#R} 0-1

[Event "Ch Ukraine (team)"]
[Site "Alushta (Ukraine)"]
[Round "1"]
[White "Lichman Peter (GER)"]
[Black "Polivanov Anatoliy (UKR)"]
[Result "0-1"]
[WhiteElo "2298"]
[BlackElo "2306"]

1.e4 e6 2.d4 d5 3.Nd2 Nf6 4.e5 Nfd7 5.Bd3 c5 6.c3 Nc6 7.Ne2 cxd4 8.cxd4 f6
9.exf6 Nxf6 10.O-O Bd6 11.Nf3 O-O 12.Ng3 e5 13.dxe5 Nxe5 14.Nxe5 Bxe5 15.Qc2
Kh8 16.Bg5 h6 17.Bd2 Ng4 18.Bb4 Qh4 19.h3 Rxf2 20.hxg4 Bxg3 21.Rxf2 Qh2+
22.Kf1 Bxg4 23.Ke1 Qg1+ {#R} 0-1

[Event "It (open)"]
[Site "Arco (Italy)"]
[Round "2"]
[White "Scharrer Patrick (ITA)"]
[Black "Dittmar Peter (GER)"]
[Result "0-1"]
[WhiteElo "2269"]
[BlackElo "2364"]

1.e4 e6 2.d4 d5 3.Nd2 Nf6 4.e5 Nfd7 5.Bd3 c5 6.c3 Nc6 7.Ne2 Qb6 8.Nf3 cxd4
9.cxd4 f6 10.exf6 Nxf6 11.O-O Bd6 12.Re1 O-O 13.b3 e5 14.dxe5 Nxe5 15.Ned4
Nfg4 16.Re2 Bc5 17.Qd2 Bd7 18.Nxe5 Bxd4 19.Nxd7 Qc7 20.Bxh7+ Kxh7 21.Nxf8+
Rxf8 22.Qd3+ Kg8 23.Qh3 Bxa1 {#R} 0-1

[Event "Ch Europe (juniors) (under 20)"]
[Site "Aviles (Spain)"]
[Round "8"]
[White "Vink Nico (NED)"]
[Black "Fluvia Poyatos Joan (ESP)"]
[Result "0-1"]
[WhiteElo "2296"]
[BlackElo "2403"]

1.e4 e6 2.d4 d5 3.Nd2 Nf6 4.e5 Nfd7 5.Bd3 c5 6.c3 Nc6 7.Ne2 cxd4 8.cxd4 f6
9.exf6 Qxf6 10.Nf3 h6 11.O-O Bd6 12.Nc3 O-O 13.Be3 Rd8 14.Rc1 Nf8 15.Na4 e5
16.dxe5 Nxe5 17.Be2 Ne6 18.Qxd5 Nxf3+ 19.Bxf3 Bxh2+ 20.Kxh2 Rxd5 21.Bxd5 Qe5+
{#R} 0-1

[Event "Ch Portugal"]
[Site "Barreiro (Portugal)"]
[Round "8"]
[White "Baptista Paulo (POR)"]
[Black "Reis Luis Sousa (POR)"]
[Result "0-1"]
[WhiteElo "2132"]
[BlackElo "2244"]

1.e4 e6 2.d4 d5 3.Nd2 Nf6 4.e5 Nfd7 5.c3 c5 6.Bd3 Nc6 7.Ne2 cxd4 8.cxd4 f6
9.exf6 Nxf6 10.Nf3 Bd6 11.O-O O-O 12.Bf4 Bxf4 13.Nxf4 Ng4 14.Ne2 e5 15.dxe5
Rxf3 16.gxf3 Ngxe5 17.Ng3 Qh4 18.Be2 Be6 19.Qb3 Rf8 20.Rad1 Rf6 21.Qxb7 Rh6
22.Qa8+ Kf7 23.Qb7+ Ne7 {#R} 0-1

[Event "Cup World (for the Blind)"]
[Site "Benasque (Spain)"]
[Round "7"]
[White "Muller Michael (FRA)"]
[Black "Mas Artigas Pere (ESP)"]
[Result "1-0"]
[WhiteElo "2050"]
[BlackElo "2058"]

1.e4 e6 2.d4 d5 3.Nd2 Nf6 4.e5 Nfd7 5.Bd3 c5 6.c3 Nc6 7.Ne2 cxd4 8.cxd4 Be7
9.Nf3 f6 10.exf6 Nxf6 11.O-O O-O 12.Re1 Bd7 13.Nf4 Qc8 14.Bb1 Bd6 15.Nd3 Qc7
16.Nde5 Rae8 17.a3 Bc8 18.Bg5 Nd7 19.Qc2 Rf5 20.Nxc6 Qxc6 21.Qxc6 {#r} 1-0

[Event "It (open)"]
[Site "Bergen (Norway)"]
[Round "9"]
[White "Ledger Andrew (ENG)"]
[Black "Johannessen Leif Erlend (NOR)"]
[Result "1-0"]
[WhiteElo "2441"]
[BlackElo "2422"]

1.e4 e6 2.d4 d5 3.Nd2 Nf6 4.e5 Nfd7 5.Bd3 c5 6.c3 Nc6 7.Ne2 cxd4 8.cxd4 f6
9.exf6 Nxf6 10.O-O Bd6 11.Nf3 Qc7 12.Bg5 O-O 13.Rc1 Ng4 14.Ng3 h6 15.Bd2 Qb6
16.Bc3 Bf4 17.Rc2 e5 18.dxe5 Ncxe5 19.Bd4 Qa5 20.Nxe5 Nxe5 21.Rc5 Qxa2 22.Bb1
Qa6 23.Bxe5 {#r} 1-0

[Event "It (open)"]
[Site "Cannes (France)"]
[Round "4"]
[White "Martin Joel (FRA)"]
[Black "Ricci Marco (ITA)"]
[Result "0-1"]
[WhiteElo "2080"]
[BlackElo "2155"]

1.e4 e6 2.d4 d5 3.Nd2 Nf6 4.e5 Nfd7 5.Bd3 c5 6.c3 Nc6 7.Ne2 cxd4 8.cxd4 f6
9.exf6 Nxf6 10.Nf3 Bd6 11.O-O O-O 12.Bg5 Bd7 13.Bh4 Be8 14.Bg3 Bh5 15.Rc1 Bxf3
16.gxf3 Nh5 17.Bb1 Rxf3 18.Rxc6 bxc6 19.Nf4 Nxg3 20.hxg3 Rxf4 {#R} 0-1

[Event "Ch Czech Republic (juniors) (under 16)"]
[Site "Czech Republic"]
[Round "3"]
[White "Belan Vladimir (CZE)"]
[Black "Polak Benedikt (CZE)"]
[Result "0-1"]
[WhiteElo "2093"]
[BlackElo "2178"]

1.e4 e6 2.d4 d5 3.Nd2 Nf6 4.e5 Nfd7 5.Bd3 c5 6.c3 Nc6 7.Ne2 Qb6 8.Nf3 cxd4
9.cxd4 f6 10.exf6 Nxf6 11.O-O Bd6 12.Bf4 Bxf4 13.Nxf4 O-O 14.b3 Bd7 15.Re1
Rae8 16.g3 Nxd4 17.Nxd4 e5 18.Nde2 Ng4 19.Rf1 exf4 20.Nxf4 Rxf4 21.gxf4 Qh6
22.Bxh7+ Kh8 {#R} 0-1

[Event "It (open) (3)"]
[Site "Deidesheim (Germany)"]
[Round "0"]
[White "Kratz Roland (GER)"]
[Black "Schubert Matthias (GER)"]
[Result "1-0"]
[WhiteElo "1845"]
[BlackElo "1943"]

1.e4 e6 2.d4 d5 3.Nd2 Nf6 4.e5 Nfd7 5.Bd3 c5 6.c3 Nc6 7.Ne2 cxd4 8.cxd4 f6
9.exf6 Nxf6 10.Nf3 Bd6 11.Bg5 Bd7 12.O-O Qb6 13.Nc3 Nxd4 14.Nxd4 Qxd4 15.Bg6+
{#r} 1-0

[Event "Ch France (team) 2000"]
[Site "France"]
[Round "6"]
[White "De Lagontrie Jean (FRA)"]
[Black "Benitah Yohan (FRA)"]
[Result "0-1"]
[WhiteElo "2096"]
[BlackElo "2369"]

1.e4 e6 2.d4 d5 3.Nd2 Nf6 4.e5 Nfd7 5.Bd3 c5 6.c3 Nc6 7.Ne2 cxd4 8.cxd4 f6
9.exf6 Nxf6 10.O-O Bd6 11.Nf3 Qc7 12.Bg5 O-O 13.Nc3 a6 14.Re1 Ng4 15.h3 Bh2+
16.Kf1 Nxf2 17.Kxf2 Qg3+ 18.Ke3 Rxf3+ 19.Qxf3 Qxg5+ 20.Kf2 Nxd4 21.Qg4 Qf6+
22.Ke3 Qh6+ 23.Kf2 e5 {#R} 0-1

[Event "Ch Germany (seniors) (team)"]
[Site "Germany"]
[Round "0"]
[White "Weigel Herbert (GER)"]
[Black "Biebinger Gerhard (GER)"]
[Result "0-1"]
[WhiteElo "2178"]
[BlackElo "2389"]

1.e4 e6 2.d4 d5 3.Nd2 Nf6 4.e5 Nfd7 5.Bd3 c5 6.c3 Nc6 7.Ne2 cxd4 8.cxd4 Nb6
9.Nf3 Bd7 10.a3 a5 11.b3 a4 12.b4 Na7 13.Bg5 Be7 14.h4 Bb5 15.Bc2 Rc8 16.Rc1
Rc6 17.Nf4 h6 18.Bxe7 Kxe7 19.h5 Qc7 20.Nh4 Rc8 21.Nhg6+ Ke8 22.Nxe6 Rxe6
23.Qg4 Qc3+ 24.Kd1 Nc4 {#R} 0-1

[Event "Oberliga East A 2000/01"]
[Site "Germany"]
[Round "4"]
[White "Schmidt Hans-Gert (GER)"]
[Black "Peters Andreas (GER)"]
[Result "0-1"]
[WhiteElo "2129"]
[BlackElo "2341"]

1.e4 e6 2.d4 d5 3.Nd2 Nf6 4.e5 Nfd7 5.Bd3 c5 6.c3 Nc6 7.Ne2 cxd4 8.cxd4 f6
9.exf6 Nxf6 10.O-O Bd6 11.Nf3 Qc7 12.Bg5 O-O 13.Bh4 g6 14.Bg3 Nh5 15.Bxd6 Qxd6
16.Qd2 Bd7 17.Rae1 Nf4 18.Bb1 Qb4 19.Qe3 Nxe2+ 20.Rxe2 Rxf3 21.gxf3 Nxd4
22.Rd2 Qxd2 {#R} 0-1

[Event "Olympiad (children)"]
[Site "Gurzuf (Ukraine)"]
[Round "2"]
[White "Mamedov Nidjat (AZE)"]
[Black "Kantaria Mikheil (GEO)"]
[Result "1-0"]
[WhiteElo "2403"]
[BlackElo "2128"]

1.e4 e6 2.d4 d5 3.Nd2 Nf6 4.e5 Nfd7 5.Bd3 c5 6.c3 Nc6 7.Ne2 cxd4 8.cxd4 f6
9.exf6 Nxf6 10.O-O Bd6 11.Nf3 O-O 12.Bg5 Qb6 13.Nc3 Bd7 14.Rc1 Rae8 15.Na4 Qc7
16.Nc5 b6 17.Nxd7 Nxd7 18.Qc2 Ndb8 19.Bxh7+ Kh8 20.Bg6 Rxf3 21.Bxe8 Rf5 22.f4
Rf8 23.Qg6 Bxf4 24.Qh5+ {#r} 1-0

[Event "It (open)"]
[Site "Hoogeveen (Netherlands)"]
[Round "5"]
[White "Aagaard Jacob (SCO)"]
[Black "Gleizerov Evgeny (RUS)"]
[Result "0-1"]
[WhiteElo "2389"]
[BlackElo "2557"]

1.e4 e6 2.d4 d5 3.Nd2 Nf6 4.e5 Nfd7 5.c3 c5 6.Bd3 Nc6 7.Ne2 cxd4 8.cxd4 f6
9.exf6 Nxf6 10.Nf3 Bd6 11.O-O Qc7 12.Bg5 O-O 13.Bh4 Nh5 14.Qc2 h6 15.Bg6 Rxf3
16.gxf3 Bxh2+ 17.Kh1 Nf4 18.Ng3 Qb6 19.Rad1 Nxd4 20.Rxd4 Qxd4 21.Bh7+ Kh8
22.Kxh2 g5 23.Qc7 Qg7 {#R} 0-1

[Event "It (open)"]
[Site "Mallorca (Spain)"]
[Round "6"]
[White "Galiana Juan Ramon (ESP)"]
[Black "Herraiz Hidalgo Herminio (ESP)"]
[Result "0-1"]
[WhiteElo "2233"]
[BlackElo "2415"]

1.e4 e6 2.d4 d5 3.Nd2 Nf6 4.e5 Nfd7 5.c3 c5 6.Bd3 Nc6 7.Ne2 Qb6 8.Nf3 cxd4
9.cxd4 f6 10.exf6 Nxf6 11.O-O Bd6 12.Nc3 O-O 13.b3 Bd7 14.Nb5 Be7 15.Bf4 Nb4
16.Bc7 Qa6 17.a4 Nxd3 18.Qxd3 Rac8 19.Rac1 Ne4 20.Ne5 Bxb5 21.axb5 Qa3 22.Qh3
Rf6 23.Qe3 Bb4 24.Nf3 e5 {#R} 0-1

[Event "It (open)"]
[Site "Mehlingen (Germany)"]
[Round "2"]
[White "Kubacsny Vilmos (HUN)"]
[Black "Fischer Gerd (GER)"]
[Result "1-0"]
[WhiteElo "2197"]
[BlackElo "2182"]

1.e4 e6 2.d4 d5 3.Nd2 Nf6 4.Bd3 c5 5.e5 Nfd7 6.c3 Nc6 7.Ne2 Qb6 8.Nf3 cxd4
9.cxd4 Be7 10.a3 O-O 11.b4 f6 12.exf6 Nxf6 13.O-O Bd7 14.Bb2 Rac8 15.Nc3 Qc7
16.Rc1 Qf4 17.Ne2 Qh6 18.Rc2 Ng4 19.Bc1 g5 20.h4 Rxf3 21.gxf3 Qxh4 22.fxg4 Bd6
23.Ng3 {#r} 1-0